|
|
|
|
| LEADER |
00870nam a2200241 a 4500 |
| 001 |
9779 |
| 003 |
BD-DhAAL |
| 005 |
20260301102508.0 |
| 008 |
131123t20021986bg a 000 0 eng d |
| 040 |
|
|
|a BD-DhAAL
|c BD-DhAAL
|
| 082 |
0 |
0 |
|a 512
|2 22
|
| 100 |
1 |
|
|a Rahman, Md. Abdur.
|9 3563
|
| 245 |
1 |
0 |
|a Ideal solution of college linear algebra :
|b theory of matrices /
|c Md. Abdur Rahman.
|
| 250 |
|
|
|a Third edition.
|
| 260 |
|
|
|a Dhaka :
|b Nahar Book Depot,
|c c1986 [revised & enlarged in 2002].
|
| 300 |
|
|
|a 648 pages :
|b illustrations ;
|c 20 cm.
|
| 541 |
1 |
|
|e 9779
|
| 650 |
|
0 |
|a Algebra.
|9 3564
|
| 650 |
|
0 |
|a Mathematics.
|9 3565
|
| 852 |
4 |
|
|a Ayesha Abed Library
|j General shelf
|
| 942 |
|
|
|2 ddc
|c BK
|
| 999 |
|
|
|c 14101
|d 14101
|
| 952 |
|
|
|0 0
|1 0
|2 ddc
|4 0
|6 512_000000000000000_RAH
|7 0
|9 23724
|a BRACUL
|b BRACUL
|c GEN
|d 2013-11-23
|l 12
|m 46
|o 512 RAH
|p 3010009779
|r 2023-02-05
|s 2022-10-26
|t 1
|w 2013-11-23
|y BK
|